|
|
|
|
| LEADER |
00000nam2a2200000 4500 |
| 001 |
174345 |
| 005 |
20231101223144.0 |
| 035 |
|
|
|a (RuTPU)RU\TPU\book\189060
|
| 035 |
|
|
|a RU\TPU\book\189057
|
| 090 |
|
|
|a 174345
|
| 100 |
|
|
|a 20100126d1898 km y0rusy50 ca
|
| 101 |
0 |
|
|a rus
|
| 102 |
|
|
|a RU
|
| 105 |
|
|
|a y z 000zy
|
| 200 |
0 |
|
|a Вып. 2
|
| 210 |
|
|
|d 1898
|
| 215 |
|
|
|a 49-94 с.
|
| 300 |
|
|
|a Текст в русской дореформенной орфографии
|
| 300 |
|
|
|a Дозволено цензурою 8 марта 1897 г. С.-Петербург
|
| 317 |
|
|
|5 63413507: 26//272
|a Поступил в НТБ в 1914 г. в дар от первого директора ТТИ профессора Е. Л. Зубашева
|
| 461 |
|
1 |
|0 (RuTPU)RU\TPU\book\189054
|t Теория постановки голоса по методу старой итальянской школы и применение теории к практическому обучению красивому образованию певческих звуков
|f Ю. Арнольд
|v Вып. 2
|d 1898
|p 47 с.
|
| 606 |
1 |
|
|a Голос певческий
|2 stltpush
|3 (RuTPU)RU\TPU\subj\7414
|9 35081
|
| 610 |
1 |
|
|a теория музыки
|
| 610 |
1 |
|
|a история
|
| 610 |
1 |
|
|a музыкальное образование
|
| 610 |
1 |
|
|a 19 век
|
| 610 |
1 |
|
|a Коллекция Е. Л. Зубашева
|
| 610 |
1 |
|
|a дары библиотеке
|
| 675 |
|
|
|a 784(09)
|v 3
|
| 801 |
|
1 |
|a RU
|b 63413507
|c 20100126
|
| 801 |
|
2 |
|a RU
|b 63413507
|c 20210702
|g RCR
|
| 942 |
|
|
|c BK
|